|
|
|
|
| LEADER |
00854nam a2200241 a 4500 |
| 001 |
000421954 |
| 003 |
CZ BrMZK |
| 005 |
19990305143423.0 |
| 007 |
ta |
| 008 |
990305s1984 xxk f eng d |
| 040 |
|
|
|a BOA001
|b cze
|
| 080 |
|
|
|a 877.30"10/11"
|2 MRF
|
| 100 |
1 |
|
|a Každan, Aleksandr Petrovič,
|d 1922-1997
|7 kup19950000047343
|4 aut
|
| 245 |
1 |
0 |
|a Studies on Byzantine literature of the eleventh and twelfth centuries /
|c Alexander Kazhdan in collab. with Simon Franklin
|
| 250 |
|
|
|a 1. publ.
|
| 260 |
|
|
|a Cambridge :
|b Cambridge University Press,
|c 1984
|
| 300 |
|
|
|a 14, 298 s.
|
| 490 |
1 |
|
|a Past and present publications
|
| 700 |
1 |
|
|a Franklin, Simon
|4 aut
|
| 830 |
|
0 |
|a Past and present publications
|
| 910 |
|
|
|a BOA001
|b 2-0896.999
|
| 990 |
|
|
|a BK
|
| 996 |
7 |
|
|b 2619761696
|c 2-0896.999
|l MZK
|r Sklad / do 1 hodiny
|n 7
|w 000421954
|u 000010
|a 1
|e BOA001
|j MZK50
|s A
|